000 00291nam a2200097Ia 4500
008 241105s9999 xx 000 0 und d
041 _aeng
100 _aBhosle Shraddha
_9183174
245 _aCarbon Footprint Impact Assessment Of Pune Metro Rail Project
260 _bBNCA M Arch EA, Pune
_c2017
999 _c361469
_d361469